000 01148nam a2200301 i 4500
001 768714001
003 CO-MdFUSB
005 20220623062549.0
007 ta
008 210823t1993 sp |||| |||| 00| 0 spa d
020 _a8425409276
040 _aCO-MdFUSB
_bspa
_cCO-MdFUSB
_dCO-MdFUSBC
_erda
041 _aspa
082 _223
_a301
_bF445
100 _aFichter, Joseph H.
_eautor
245 _aSociología
_c/ Joseph H. Fichter
264 1 _aEspaña :
_bHerder,
_c[1993]
264 4 _c© 1993
300 _a454 páginas
_c; 22 cm
336 _2rdacontent
_atexto
_btxt
337 _2rdamedia
_asin mediación
_bn
338 _2rdacarrier
_avolumen
_bnc
505 _aPersona y sociedad: La persona social. -- Status social. -- Categorías y conglomerados. -- Grupos y asociaciones. -- Comunidades. -- La sociedad. -- Pautas y cultura: pautas de conducta. --Roles. -- Procesos de interacción. -- Instituciones. -- Cultura. -- Cultura y sociedad: valores. -- Movilidad. -- Cambio. -- Control social. -- Desviación. -- Integración sociocultural.
563 _aRústico
630 0 _aSociología
_92570
942 _cBK
945 _aJTF-925
999 _c66839
_d66839